Asís, ciudad símbolo: legado humano y espiritual de Francisco y Clara
Guardat en:
| Autor principal: | |
|---|---|
| Format: | Llibre |
| Idioma: | espanyol |
| Publicat: |
Madrid
Biblioteca de Autores Cristianos
2017
|
| Edició: | 1a. ed |
| Col·lecció: | Popular, 229
|
| Matèries: | |
| Etiquetes: |
Afegir etiqueta
Sense etiquetes, Sigues el primer a etiquetar aquest registre!
|
MARC
| LEADER | 00000cam a2200000 a 4500 | ||
|---|---|---|---|
| 001 | UCC1822 | ||
| 003 | CL-VaPUC | ||
| 008 | 171201e20170000sp |||||||||||||||||spa|d | ||
| 020 | |a 9788422019701 | ||
| 082 | 0 | 4 | |a 945.651 |b MER |2 21 |
| 100 | |a Merino, José Antonio |e autor |9 598266 | ||
| 245 | 1 | 0 | |a Asís, ciudad símbolo: legado humano y espiritual de Francisco y Clara |
| 250 | |a 1a. ed | ||
| 300 | |a 143 p | ||
| 942 | |c BK | ||
| 945 | |d 20171201 13:56:00 |a dcastane | ||
| 260 | |a Madrid |b Biblioteca de Autores Cristianos |c 2017 | ||
| 650 | 0 | |a Historia de Italia |9 362027 | |
| 650 | 0 | |a Historia de ciudades |9 445863 | |
| 650 | 0 | |a Biografías |9 255210 | |
| 650 | 0 | |a Vida religiosa |9 257284 | |
| 651 | 7 | |a ASIS |2 CL-VaPUC |9 595915 | |
| 583 | |a last modification |c 20171201 13:56:00 |k Rodrigo Vera | ||
| 490 | 0 | |a Popular, 229 | |
| 999 | |c 370171 |d 370169 | ||
| 952 | |0 0 |1 0 |3 erb |4 0 |6 945_651000000000000_MER_2017 |7 0 |8 A |9 486500 |a BIBTEO |b BIBTEO |i 5439183 |o 945.651 MER 2017 |p 5439183 |r 2025-01-17 |w 2019-11-24 |y BK |z Catalogado en:20171201 |k ICR | ||